000 01518cam a22002891i 4500
003 SA-RiAUC
005 20260123122952.0
008 260119s1989 ua g 000 0 ara c
040 _aSA-JeALM
_bara
_cSA-RiAUC
_erda
082 0 4 _a216.3
_qSA-RiAUC
090 _a216.3
_bا ب و ش
100 1 _aأبو شهبة، محمد بن محمد،
_d1914-1983
_eمؤلف.
245 1 0 _aدفاع عن السنة ورد شبه المستشرقين والكتاب المعاصرين وبيان الشبه الواردة على السنة قديما وحديثا وردها ردا علميا صحيحا /
_cمحمد بن محمد أبو شهبة ؛ مقدمة أبي حذيفة شرف حجازي. ويليه الرد على من ينكر حجية السنة / عبد الغني عبد الخالق.
250 _aالطبعة الأولى.
264 1 _aالقاهرة :
_bمكتبة السنة ،
_c1989
300 _a510 صفحة ؛
_c24 سم
336 _aنص
_btxt
_2rdacontent
_3كتاب
337 _aبدون وسيط
_bn
_2rdamedia
650 7 _aالسنة
_xدفع مطاعن
_2aucsh
650 7 _aالحديث
_xدفع مطاعن
_2aucsh
650 7 _aالاستشراق والمستشرقون
_2aucsh
700 1 _aحجازي، أبو حذيفة شرف
_eمقدم.
700 1 2 _iمع :
_aعبد الخالق، عبد الغني محمد،
_d1908-1983.
_tالرد على من ينكر حجية السنة
942 _2ddc
_cBOOK
_n0
949 _aSA-JeALM
_d260119
_uosman123
_n1
999 _c14117
_d14117